000 00743nam a2200241 4500
001 bimo0000971835
003 DO-SdBNP
005 20220608095258.0
008 980904s1995 sp | ||| ||spa
020 _a8423921700
040 _aBPMSU
_bspa
_cBPMSU
_e
082 _aR463
_bD545e 1995
_222
245 0 0 _aDiccionario Espasa sinónimos y antónimos /
_cdirector Antonio Merodio ; editora Marisol Palés
_h
250 _a3ª ed.
260 _aMadrid :
_bEspasa-Calpe,
_c1995
300 _a1225 p.;
_c25 cm
590 _6Inventariado, 2022/VM
650 4 _aEspañol
_xSinónimos y antónimos
_vDiccionarios
_2
_y
700 1 _aMerodio, Antonio
_edirector
700 1 _aPalés, Marisol
_eeditora
710 2 _aEspasa Calpe
942 _2ddc
_cBK
999 _c14226
_d14226